000 00500nam a2200181 i 4500
001 112899
003 ES-MaACL
005 20250716062528.0
007 t|
008 061121s1936 xxk r ||||1| eng d
100 1 _aMurry, John Middleton.
_984653
245 1 0 _aShakespeare /
_cBy John Middleton Murry.
260 _aLondon :
_bJonathan Cape,
_c[1936]
300 _a448 p. ;
_c23 cm.
600 1 4 _aShakespeare, William,
_d1564-1616
_9105992
852 _aES-MaACL
_jA-4309
999 _c112899
_d112899